| 000 | 00413nam a2200169 a 4500 | ||
|---|---|---|---|
| 005 | 20140412111307.0 | ||
| 008 | 010424s19uu xx 00 eng d | ||
| 050 |
_aTR(PS E _bH77 1963 |
||
| 100 | _aDr. Seus | ||
| 245 | _aHop on pop. | ||
| 260 |
_aNew York : _bRandom House, _c1963. |
||
| 300 | _a64 | ||
| 650 | _aColor-Fiction | ||
| 650 | _aAnimals - Fiction | ||
| 650 | _aStories in rhyme | ||
| 999 |
_c103735 _d103735 |
||